| 000 | 00796nam0a22002291 4500 | ||
|---|---|---|---|
| 001 | rc\579023 | ||
| 005 | 20250621172232.0 | ||
| 035 | _a(NLR Aleph) 005826811 | ||
| 090 |
_a5537808 _c5537808 |
||
| 100 | _a20031121d1987 |||y0rusy50 ca | ||
| 101 | 0 | _arus | |
| 102 | _aRU | ||
| 105 | _aa ||||||||| | ||
| 200 | 1 |
_aДикая собака динго, или Повесть о первой любви _eПовесть _eДля сред. и ст. шк. возраста _fР.И. Фраерман _gХудож. В. Савадов |
|
| 210 |
_aКиев _cВеселка _d1987 |
||
| 215 |
_a149, [1] c. _cил. _d17 |
||
| 700 | 1 |
_aФраерман _bР.И. _f1891-1972 _gРувим Исаевич |
|
| 801 | 0 |
_aRU _bNLR _gpsbo |
|
| 801 | 1 |
_aRU _bELAR _2rusmarc |
|
| 852 |
_aNLR _j87-2/483 |
||
| 942 | _cBOOK | ||
| 980 | _aNB | ||